| 000 | 01005nam a22002657a 4500 | ||
|---|---|---|---|
| 999 |
_c20808 _d20808 |
||
| 003 | AR-CdUCM | ||
| 008 | 190606b ||||| |||| 00| 0 spa d | ||
| 040 |
_aMUNICIPALIDAD PROVINCIAL DEL CUSCO _cBIBLIOTECA MUNICIPAL DEL CUSCO |
||
| 082 |
_a339 / _bA14 |
||
| 100 |
_aAbramovitz, Moses _943460 |
||
| 245 |
_aLa asignación de los recursos humanos : _bEnsayos en honor de Bernard Francis Haley / |
||
| 260 |
_aMéxico : _bCentro regional de ayuda técnica, _c1964. |
||
| 300 |
_a336 páginas ; _c24 cm. |
||
| 440 |
_aColección de ensayos _943461 |
||
| 505 | _aContenido : Interpretación de las tendencias seculares del producto ingreso nacional -- Los costos y la producción... | ||
| 650 |
_aTeoría de la incidencia impositiva _943462 |
||
| 650 |
_aPensiones _943463 |
||
| 650 |
_aDesempleos _943464 |
||
| 700 |
_aAlchian, Armen _943465 |
||
| 700 |
_aArrow, Kenneth J. _943466 |
||
| 700 |
_aBaran, Paul A. _943467 |
||
| 700 |
_aHilton, George W. _943468 |
||
| 942 |
_2ddc _cLIBROS |
||
| 945 | _arcc | ||